<?xml version="1.0" encoding="UTF-8"?><?xml-stylesheet type="text/xsl" href="static/style.xsl"?><OAI-PMH xmlns="http://www.openarchives.org/OAI/2.0/" xmlns:xsi="http://www.w3.org/2001/XMLSchema-instance" xsi:schemaLocation="http://www.openarchives.org/OAI/2.0/ http://www.openarchives.org/OAI/2.0/OAI-PMH.xsd"><responseDate>2026-06-07T08:01:47Z</responseDate><request verb="GetRecord" identifier="oai:riuma.uma.es:10630/21821" metadataPrefix="marc">https://riuma.uma.es/rest/oai/request</request><GetRecord><record><header><identifier>oai:riuma.uma.es:10630/21821</identifier><datestamp>2026-02-03T12:22:28Z</datestamp><setSpec>com_10630_2254</setSpec><setSpec>col_10630_37959</setSpec></header><metadata><record xmlns="http://www.loc.gov/MARC21/slim" xmlns:dcterms="http://purl.org/dc/terms/" xmlns:doc="http://www.lyncode.com/xoai" xmlns:xsi="http://www.w3.org/2001/XMLSchema-instance" xsi:schemaLocation="http://www.loc.gov/MARC21/slim http://www.loc.gov/standards/marcxml/schema/MARC21slim.xsd">
   <leader>00925njm 22002777a 4500</leader>
   <datafield ind2=" " ind1=" " tag="042">
      <subfield code="a">dc</subfield>
   </datafield>
   <datafield ind2=" " ind1=" " tag="720">
      <subfield code="a">De la Vega, Rocío</subfield>
      <subfield code="e">author</subfield>
   </datafield>
   <datafield ind2=" " ind1=" " tag="720">
      <subfield code="a">Law, Emily</subfield>
      <subfield code="e">author</subfield>
   </datafield>
   <datafield ind2=" " ind1=" " tag="720">
      <subfield code="a">Daniels, Kristen</subfield>
      <subfield code="e">author</subfield>
   </datafield>
   <datafield ind2=" " ind1=" " tag="720">
      <subfield code="a">Palermo, Tonya M</subfield>
      <subfield code="e">author</subfield>
   </datafield>
   <datafield ind2=" " ind1=" " tag="260">
      <subfield code="c">2021-04-09</subfield>
   </datafield>
   <datafield ind2=" " ind1=" " tag="520">
      <subfield code="a">Introduction. Insomnia is common in youth with chronic pain (CP), and is associated with reduced quality of life and higher pain interference. Although psychological interventions for CP may include sleep hygiene education, typically they do not specifically target insomnia. Offering additional interventions to meet the individual treatment needs of those with insomnia may increase treatment benefit.&#xd;
Methods. This was a hybrid effectiveness-implementation cluster randomized controlled trial conducted in 8 specialty clinics, comparing WebMAP Mobile (WMM) vs usual care. Participants were 143 youth (10-17 years old, Mage=14.5; 80% female) with CP, from which 73 were randomized to WMM. &#xd;
Two items from the Adolescent Sleep Wake Scale were administered during the app set up and participants with problems falling or staying asleep were automatically assigned an additional module which included stimulus control and sleep restriction techniques to reduce insomnia symptoms. Chi2 tests were conducted to test for changes in the insomnia classification according to the Insomnia Severity Index (no insomnia, subthreshold, clinical moderate and clinical severe) from baseline to 3-months follow-up.&#xd;
Results. Most youth, 40(58%), met threshold criteria to receive the additional module and 22% completed it in full. Participants receiving it significantly reduced their insomnia symptoms. Specifically: 11% worsened, 40% showed no change and 49% improved (N=35; Chi2=13.248(6), P=0.04), as compared to those not receiving it: 22% worsened, 48% showed no change and 30% improved (N=27; Chi2=3.897 (6), P=069.&#xd;
Conclusions. Adding an insomnia module was effective decreasing insomnia symptoms in a sample of youth with CP. Further research evaluating the effectiveness of tailoring interventions is needed to optimize treatments for youth who have common physical and mental health comorbidities such as insomnia.</subfield>
   </datafield>
   <datafield ind1="8" ind2=" " tag="024">
      <subfield code="a">https://hdl.handle.net/10630/21821</subfield>
   </datafield>
   <datafield tag="653" ind2=" " ind1=" ">
      <subfield code="a">Adolescentes - Enfermedades - Tratamiento</subfield>
   </datafield>
   <datafield tag="653" ind2=" " ind1=" ">
      <subfield code="a">Insomnio - Tratamiento</subfield>
   </datafield>
   <datafield tag="653" ind2=" " ind1=" ">
      <subfield code="a">Aplicaciones informáticas</subfield>
   </datafield>
   <datafield ind2="0" ind1="0" tag="245">
      <subfield code="a">Tailoring a digital psychological intervention for adolescents with chronic pain (WebMAP Mobile) and co- morbid insomnia symptoms.</subfield>
   </datafield>
</record>
</metadata></record></GetRecord></OAI-PMH>